| 000 | 00560nam a2200181Ia 4500 | ||
|---|---|---|---|
| 001 | 19836 | ||
| 005 | 20260306172722.0 | ||
| 008 | 260306t2010||||xx |||||||||||||| ||spa|| | ||
| 041 | _aESP | ||
| 082 |
_a341.11 _bO634 |
||
| 100 |
_aOehling de los Reyes, Alberto _eAUT |
||
| 245 | 0 |
_aLa dignidad de la persona: _bevolución histórico-filosófica, concepto, recepción constitucional y relación con los valores y derechos fundamentales |
|
| 260 | _c2010 | ||
| 300 |
_a533 páginas : _c21 cm. |
||
| 650 | _aGEN | ||
| 654 | _aCDE | ||
| 942 |
_cLIB _dJUS _fJUS _2ddc _n |
||
| 999 |
_c19836 _d19836 |
||